000 04304cam a22012854i 4500
003 PE-LiUPU
005 20250813185603.0
008 150706s2008 pe a rb 000 0 d
020 _a9786034011113
035 _a(Sirsi) i9786034011113
040 _aPE-LiUPU
_bspa
_cPE-LiUPU
_erda
049 _aPRUA
082 0 4 _a338.4798562
_bS55
_221
082 0 4 _a353.59
_bS55 2008
100 1 _aSilva Dueñas, Mario,
_eautor.
245 1 0 _aModelo ofertqual para la evalaución de la calidad percibida del producto turístico en la provincia de Puno-2005 /
_cMario Sliva Dueñas.
264 1 _aLima :
_bAsamblea Nacional de Rectores,
_c2008.
300 _a158 páginas :
_bilustraciones ;
_c24 centímetros
336 _atext
_2rdacontent
337 _aunmediated
_2rdamedia
338 _avolume
_2rdacarrier
505 0 _aPlanteamiento del problema -- Marco teórico -- Método -- Método y tipo de investigación -- Resultados y discución -- Ciclo del servicio más probable de un cliente que compra un producto turístico de naturaleza aventura en la provincia de Puno -- Conclusiones y recomendaciones.
526 _aP202
526 _aP201
526 _aP163
526 _aP162
526 _aP161
526 _aP160
526 _aP148
526 _aP147
526 _aP146
526 _aP145
526 _aP144
526 _aP143
526 _aP142
526 _aP141
526 _aP140
526 _aP139
526 _aP138
526 _aP137
526 _aP136
526 _aP135
526 _aP134
526 _aP133
526 _aP129
526 _aP128
526 _aP127
526 _aP120
526 _aP119
526 _aP118
526 _aP116
526 _aP115
526 _aP114
526 _aP110
526 _aP109
526 _aP108
526 _aP104
526 _aP103
526 _aP102
526 _aP99
526 _aP98
526 _aP97
526 _aP96
526 _aP95
526 _aP93
526 _aP90
526 _aP89
526 _aP88
526 _aP83
526 _aP82
526 _aP62
526 _aP59
526 _aP58
526 _aP57
526 _aP51
526 _aP49
526 _aP48
526 _aP47
526 _aP29
526 _aP24
526 _aP20
526 _aP19
526 _aP17
526 _aP15
526 _aP14
526 _aP12
526 _aP10
526 _aP09
526 _aP08
526 _aP07
526 _aP06
526 _aP05
526 _aP04
526 _aP01
541 _FAdministracion;
650 0 4 _aTurismo
_zPuno, Perú
_xCalidad.
942 _2ddc
_cBOOK
949 _a338.4798562 S55
_wDEWEY
_c1
_i62824
_d2016-2-1
_e2016-1-27
_lCCODEBUL1
_mBUL
_n1
_p15.00
_r0
_sY
_tBOOK
_u2015-7-6
_xEDUCACION
_zUNKNOWN
_0COMPRA
_o.STAFF. Colección General
949 _a338.4798562 S55
_wDEWEY
_c2
_i62823
_lCCODEBUL1
_mBUL
_p15.00
_r0
_sY
_tBOOK
_u2015-7-6
_xEDUCACION
_zUNKNOWN
_0COMPRA
_o.STAFF. Colección General
949 _a353.59 S55 2008
_wDEWEY
_c1
_iFJ04557
_lCCODEBUJ1
_mBUJ
_p12.00
_r0
_sY
_tBOOK
_u2015-10-6
_xFCE
_PP04
_0COMPRA
_o.STAFF. Colección General Juliaca
949 _a353.59 S55 2008
_wDEWEY
_c2
_iFJ04558
_lCCODEBUJ1
_mBUJ
_p12.00
_r0
_sY
_tBOOK
_u2015-10-14
_xFCE
_PP04
_0COMPRA
_o.STAFF. Colección General Juliaca
994 _aC0
_bPEPRU
596 _a1 3
999 _a338.4798562 S55
_wDEWEY
_c51848
_i62824
_d51848
_e2016-1-27
_f2021-11-8
_g5
_lCCODEBUL1
_mBUL
_n1
_p15.00
_r0
_sY
_tBOOK
_u2015-7-6
_xEDUCACION
_zUNKNOWN
_0COMPRA
_o.STAFF. Colección General
999 _a338.4798562 S55
_wDEWEY
_c2
_i62823
_f2021-11-8
_g5
_lCCODEBUL1
_mBUL
_p15.00
_r0
_sY
_tBOOK
_u2015-7-6
_xEDUCACION
_zUNKNOWN
_0COMPRA
_o.STAFF. Colección General
999 _a353.59 S55 2008
_wDEWEY
_c1
_iFJ04557
_f2022-1-18
_g4
_lCCODEBUJ1
_mBUJ
_p12.00
_r0
_sY
_tBOOK
_u2015-10-6
_xFCE
_PP04
_0COMPRA
_o.STAFF. Colección General Juliaca
999 _a353.59 S55 2008
_wDEWEY
_c2
_iFJ04558
_f2022-1-18
_g4
_lCCODEBUJ1
_mBUJ
_p12.00
_r0
_sY
_tBOOK
_u2015-10-14
_xFCE
_PP04
_0COMPRA
_o.STAFF. Colección General Juliaca
980 _81
_gALBERTO SANCHEZ Responsable de Automatización